[Event "Bob Wade mem Challengers 1"]
[Site "Howick"]
[Date "2023.01.19"]
[Round "8"]
[White "Lim, Benjamin U"]
[Black "Mao, Daqi"]
[Result "1/2-1/2"]
[WhiteElo "1868"]
[BlackElo "1901"]
[PlyCount "39"]
[EventDate "2023.01.14"]
[EventType "tourn"]
[EventRounds "9"]
[EventCountry "NZL"]
[SourceTitle "EXT 2024"]
[Source "ChessBase"]
[SourceDate "2023.10.10"]
[SourceVersion "1"]
[SourceVersionDate "2023.10.10"]
[SourceQuality "1"]

1. e4 e6 2. d4 d5 3. Nc3 Nf6 4. Bg5 Be7 5. Bxf6 Bxf6 6. Nf3 c5 7. Bb5+ Nc6 8. exd5 exd5 9. 0-0 0-0 10. dxc5 Bxc3 11. bxc3 Bg4 12. h3 Bxf3 13. Qxf3 Qa5 14. Rfb1 Rfd8 15. Bxc6 bxc6 16. Rb7 Rf8 17. Re1 Rab8 18. Rxb8 Rxb8 19. Qf4 Rf8 20. Qb4 1/2-1/2

[Event "Bob Wade mem Challengers 1"]
[Site "Howick"]
[Date "2023.01.17"]
[Round "5"]
[White "Lim, Benjamin U"]
[Black "Forster, William"]
[Result "0-1"]
[WhiteElo "1868"]
[BlackElo "1799"]
[PlyCount "112"]
[EventDate "2023.01.14"]
[EventType "tourn"]
[EventRounds "9"]
[EventCountry "NZL"]
[SourceTitle "EXT 2024"]
[Source "ChessBase"]
[SourceDate "2023.10.10"]
[SourceVersion "1"]
[SourceVersionDate "2023.10.10"]
[SourceQuality "1"]

1. e4 c5 2. Nf3 a6 3. d4 cxd4 4. Nxd4 e5 5. Nf5 d5 6. Ng3 Nf6 7. exd5 Qxd5 8. Qxd5 Nxd5 9. Bc4 Be6 10. Bd3 Nc6 11. c3 Bc5 12. Ne4 Bb6 13. Nd6+ Kd7 14. Nc4 Ba7 15. 0-0 Rad8 16. Re1 f6 17. Bf1 Kc7 18. b4 Ndxb4 19. Nba3 Nd3 20. Bxd3 Rxd3 21. Bb2 Rhd8 22. Kf1 b5 23. Ne3 Rd2 24. Re2 Bc5 25. Nac2 f5 26. Ke1 Rxe2+ 27. Kxe2 f4 28. Nd1 e4 29. Bc1 g5 30. Nb2 Ne5 31. Nb4 Kb6 32. a4 a5 33. Nc2 Nd3 34. axb5 Nxb2 35. Bxb2 Bc4+ 36. Ke1 Bxf2+ 37. Kxf2 Rd2+ 38. Kg1 Rxc2 39. Ba3 e3 40. Be7 Rd2 41. Bxg5 e2 42. Re1 a4 43. Bxf4 Rc2 44. Be3+ Kxb5 45. Rb1+ Bb3 46. Kf2 Kc4 47. Rc1 Rb2 48. Ra1 Bd1 49. Bh6 Rb7 50. Rxa4+ Bxa4 51. Kxe2 Kxc3 52. Ke3 Rf7 53. Bf4 Kc4 54. g4 Kd5 55. h4 Ke6 56. h5 Bd1 0-1

[Event "Bob Wade mem Challengers 1"]
[Site "Howick"]
[Date "2023.01.15"]
[Round "2"]
[White "Lane, Ryan"]
[Black "Lim, Benjamin U"]
[Result "1-0"]
[WhiteElo "1825"]
[BlackElo "1868"]
[PlyCount "61"]
[EventDate "2023.01.14"]
[EventType "tourn"]
[EventRounds "9"]
[EventCountry "NZL"]
[SourceTitle "EXT 2024"]
[Source "ChessBase"]
[SourceDate "2023.10.10"]
[SourceVersion "1"]
[SourceVersionDate "2023.10.10"]
[SourceQuality "1"]

1. e4 c5 2. Nf3 d6 3. d4 cxd4 4. Qxd4 a6 5. c4 Nc6 6. Qe3 g6 7. Be2 Bg7 8. 0-0 Nf6 9. Nc3 0-0 10. h3 b6 11. Rd1 Nd7 12. Rb1 Bb7 13. b3 h6 14. Bb2 Kh7 15. Nd5 a5 16. Bxg7 Kxg7 17. a3 Nce5 18. Nd4 e6 19. Nc3 Qe7 20. f4 Nc6 21. Ndb5 Rad8 22. Nxd6 Ba6 23. Ncb5 g5 24. g3 Kh7 25. Kh2 e5 26. Nf5 exf4 27. gxf4 gxf4 28. Qf2 f3 29. Nxe7 fxe2 30. Qf5+ Kh8 31. Rd6 1-0

[Event "Asian-ch Seniors 50"]
[Site "Auckland"]
[Date "2022.10.21"]
[Round "9"]
[White "Kulashko, Aleksei"]
[Black "Lim, Benjamin U"]
[Result "1/2-1/2"]
[WhiteElo "2348"]
[BlackElo "1861"]
[PlyCount "21"]
[EventDate "2022.10.15"]
[EventType "swiss"]
[EventRounds "9"]
[EventCountry "NZL"]
[SourceTitle "EXT 2024"]
[Source "ChessBase"]
[SourceDate "2023.10.10"]
[SourceVersion "1"]
[SourceVersionDate "2023.10.10"]
[SourceQuality "1"]

1. e4 c5 2. Nf3 d6 3. d4 cxd4 4. Qxd4 a6 5. c4 Nc6 6. Qd3 g6 7. Nc3 Bg7 8. Be2 Nf6 9. 0-0 0-0 10. Bg5 h6 11. Bf4 1/2-1/2

[Event "North Island-ch"]
[Site "Auckland"]
[Date "2022.07.16"]
[Round "7"]
[White "Ha, Huy Minh"]
[Black "Lim, Benjamin U"]
[Result "0-1"]
[WhiteElo "1615"]
[BlackElo "1834"]
[PlyCount "158"]
[EventDate "2022.07.14"]
[EventType "swiss"]
[EventRounds "9"]
[EventCountry "NZL"]
[SourceTitle "EXT 2024"]
[Source "ChessBase"]
[SourceDate "2023.10.10"]
[SourceVersion "1"]
[SourceVersionDate "2023.10.10"]
[SourceQuality "1"]

1. e4 c5 2. c3 Nf6 3. e5 Nd5 4. Nf3 Nc6 5. Bc4 Nb6 6. Bb3 d5 7. exd6 Qxd6 8. d4 cxd4 9. cxd4 Be6 10. Bxe6 Qxe6+ 11. Be3 Nd5 12. Qe2 g6 13. Nc3 Bg7 14. Nxd5 Qxd5 15. 0-0 0-0 16. b3 Rfd8 17. Rac1 e6 18. Rfd1 Qh5 19. h3 a6 20. Kh2 Qb5 21. Qe1 Qb6 22. Kg1 Rd5 23. Rc5 Qd8 24. Rxd5 Qxd5 25. Rd2 Rd8 26. Qd1 Qa5 27. Qe2 Rd5 28. Qd1 Qd8 29. Kf1 h6 30. g3 Kh7 31. Kg2 Qd7 32. h4 Kg8 33. Kh2 Qd6 34. Kg2 b5 35. Kg1 Qd7 36. Kg2 b4 37. Kg1 Kh7 38. Kg2 Qb7 39. Kh2 a5 40. Kg1 Na7 41. Qc2 Nb5 42. Kh2 Qd7 43. Qd1 Nc3 44. Qc2 Qb7 45. Ng1 Rd8 46. Ne2 Nb5 47. Qd3 Kg8 48. Qc2 Rc8 49. Qd1 Qe4 50. Rd3 Kh7 51. Qd2 Rd8 52. Kg1 Nc7 53. Qd1 Bf8 54. Qd2 Nb5 55. d5 exd5 56. f3 Qe5 57. Nf4 d4 58. Bf2 Bg7 59. Ne2 Qc7 60. Kg2 Qc5 61. g4 Rd7 62. Ng3 Nc3 63. h5 Qd5 64. hxg6+ fxg6 65. Ne2 Nxe2 66. Qxe2 Rc7 67. Qd2 Rc3 68. Bg1 Qb5 69. Rxc3 bxc3 70. Qd1 d3 71. Be3 Qd5 72. Kf2 Bf8 73. g5 Bc5 74. gxh6 c2 75. Qa1 Bxe3+ 76. Kxe3 Kxh6 77. Qh8+ Kg5 78. Kd2 Qd6 79. Qc3 Qf4+ 0-1

[Event "North Island-ch"]
[Site "Auckland"]
[Date "2022.07.15"]
[Round "2"]
[White "Bhatt, Mantra"]
[Black "Lim, Benjamin U"]
[Result "0-1"]
[WhiteElo "1547"]
[BlackElo "1834"]
[PlyCount "58"]
[EventDate "2022.07.14"]
[EventType "swiss"]
[EventRounds "9"]
[EventCountry "NZL"]
[SourceTitle "EXT 2024"]
[Source "ChessBase"]
[SourceDate "2023.10.10"]
[SourceVersion "1"]
[SourceVersionDate "2023.10.10"]
[SourceQuality "1"]

1. e4 c5 2. c3 d5 3. exd5 Qxd5 4. d4 e6 5. Nf3 Nf6 6. Na3 Be7 7. Bd3 cxd4 8. Nb5 Qd8 9. Nbxd4 0-0 10. 0-0 b6 11. Bf4 Bb7 12. Qc2 Nbd7 13. Bb5 Qc8 14. Bxd7 Qxd7 15. Ne5 Qd5 16. Nef3 Qh5 17. h3 Rac8 18. Qe2 Bd5 19. Qe3 Bc4 20. Rfd1 Nd5 21. Qe4 Nxf4 22. Qxf4 f6 23. b3 Bd5 24. c4 e5 25. Qf5 Bxf3 26. Nxf3 Qxf5 27. Rd2 Rfd8 28. Rad1 Rxd2 29. Rxd2 Rd8 0-1

[Event "North Island-ch"]
[Site "Auckland"]
[Date "2022.07.15"]
[Round "4"]
[White "McLaren, Leonard"]
[Black "Lim, Benjamin U"]
[Result "1-0"]
[WhiteElo "2107"]
[BlackElo "1834"]
[PlyCount "196"]
[EventDate "2022.07.14"]
[EventType "swiss"]
[EventRounds "9"]
[EventCountry "NZL"]
[SourceTitle "EXT 2024"]
[Source "ChessBase"]
[SourceDate "2023.10.10"]
[SourceVersion "1"]
[SourceVersionDate "2023.10.10"]
[SourceQuality "1"]

1. e4 c5 2. Nf3 d6 3. Bb5+ Nd7 4. 0-0 a6 5. Bxd7+ Bxd7 6. d4 cxd4 7. Qxd4 e5 8. Qd3 Nf6 9. Bg5 h6 10. Bxf6 Qxf6 11. Nc3 Bc6 12. Rfd1 Be7 13. Nd5 Bxd5 14. Qxd5 Rb8 15. Nd2 0-0 16. Nc4 Rfc8 17. Qd3 Rc6 18. Ne3 Bf8 19. a4 Qd8 20. c4 b5 21. cxb5 axb5 22. axb5 Rc5 23. b4 Rcxb5 24. Nd5 Rxb4 25. Nxb4 Rxb4 26. Qd5 Qb6 27. g3 Rb2 28. Rd2 Rb5 29. Qd3 Qb7 30. Ra7 Qxa7 31. Qxb5 g6 32. Qd5 h5 33. Ra2 Qe7 34. Rb2 Kg7 35. Rb7 Qf6 36. h4 Be7 37. Kg2 g5 38. hxg5 Qxg5 39. Rb3 Qg6 40. Rf3 Bf8 41. Kf1 Be7 42. Rf5 h4 43. gxh4 Bxh4 44. Rf3 Qh5 45. Rf5 Bg5 46. Qd3 Qh1+ 47. Ke2 Qh5+ 48. Qf3 Qxf3+ 49. Kxf3 Bd8 50. Kg4 Bb6 51. Kg5 Bd8+ 52. Kh5 Kf8 53. Rf3 Ke7 54. Kh6 Ke6 55. Kg7 f6 56. Rd3 Bb6 57. f3 Bd4 58. Kg6 Bc5 59. Rd1 Be3 60. Ra1 Bg5 61. Ra7 Bh4 62. Rb7 Bg5 63. Rb8 Bh4 64. Re8+ Kd7 65. Kf7 Kc6 66. Ke6 Kc5 67. Ra8 Kd4 68. Kxd6 Ke3 69. Ra3+ Kf4 70. Ke6 Bg5 71. Rb3 Bh4 72. Kd5 Bf2 73. Ke6 Bh4 74. Rb1 Kxf3 75. Kf5 Ke3 76. Rb4 Bg5 77. Rb1 Kd3 78. Rd1+ Ke3 79. Rg1 Kf3 80. Ra1 Ke3 81. Ra3+ Kd4 82. Rh3 Kc4 83. Kg4 Kd4 84. Kf3 Kc5 85. Rh1 Kd6 86. Rd1+ Ke6 87. Kg4 Be3 88. Ra1 Bc5 89. Ra6+ Bd6 90. Rb6 Ke7 91. Kf5 Bc5 92. Re6+ Kd7 93. Rxf6 Bd4 94. Rh6 Ke7 95. Rg6 Bb2 96. Re6+ Kf7 97. Rb6 Ke7 98. Rxb2 Kf7 1-0

[Event "Auckland Stuart Memorial op"]
[Site "Auckland"]
[Date "2022.06.25"]
[Round "3"]
[White "Stark, John"]
[Black "Lim, Benjamin U"]
[Result "1-0"]
[WhiteElo "2060"]
[BlackElo "1838"]
[PlyCount "105"]
[EventDate "2022.06.24"]
[EventType "swiss"]
[EventRounds "6"]
[EventCountry "NZL"]
[SourceTitle "EXT 2024"]
[Source "ChessBase"]
[SourceDate "2023.10.10"]
[SourceVersion "1"]
[SourceVersionDate "2023.10.10"]
[SourceQuality "1"]

1. b3 d5 2. Bb2 c5 3. e3 Nf6 4. Nf3 a6 5. Be2 Nc6 6. 0-0 Bg4 7. d3 Bxf3 8. Bxf3 e5 9. Nd2 Be7 10. c4 0-0 11. a3 Rc8 12. cxd5 Nxd5 13. Rc1 f6 14. b4 Ndxb4 15. Qb3+ Kh8 16. axb4 Nxb4 17. d4 b5 18. dxc5 Nd3 19. c6 Nxc1 20. Bxc1 Qb6 21. Bd5 Rfd8 22. e4 Rxc6 23. Bxc6 Qxc6 24. Ba3 b4 25. Bxb4 Rb8 26. Qc3 Qd7 27. Bxe7 Qxe7 28. Rc1 h6 29. Qc7 Qb4 30. g3 Rf8 31. Qc5 Qb8 32. Nf1 f5 33. exf5 Rxf5 34. Qc8+ Rf8 35. Qxb8 Rxb8 36. Ra1 Rb6 37. Ne3 Kg8 38. Ra5 Re6 39. Nd5 e4 40. Kf1 Kf7 41. Ke2 Re5 42. Ke3 Rf5 43. Kxe4 Rxf2 44. h4 Rg2 45. Kf3 Rd2 46. Nb4 Rb2 47. Nxa6 Kf6 48. Nc5 Kf7 49. Ne4 Rb3+ 50. Kf4 Rb4 51. h5 g5+ 52. Kf5 Rd4 53. Ra7+ 1-0

[Event "Henderson Trusts op-A 43rd"]
[Site "Henderson"]
[Date "2021.06.06"]
[Round "4"]
[White "Lim, Benjamin U"]
[Black "Ha, Huy Minh"]
[Result "1-0"]
[WhiteElo "1853"]
[BlackElo "1709"]
[PlyCount "139"]
[EventDate "2021.06.05"]
[EventType "swiss"]
[EventRounds "6"]
[EventCountry "NZL"]
[SourceTitle "EXT 2024"]
[Source "ChessBase"]
[SourceDate "2023.10.10"]
[SourceVersion "1"]
[SourceVersionDate "2023.10.10"]
[SourceQuality "1"]

1. e4 d5 2. exd5 Qxd5 3. Nc3 Qd8 4. d4 Nf6 5. Nf3 Bg4 6. Be2 e6 7. 0-0 Bd6 8. Bg5 0-0 9. h3 Bf5 10. Nh4 Bg6 11. Nxg6 hxg6 12. Bf3 c6 13. Ne4 Be7 14. Nxf6+ Bxf6 15. Bxf6 Qxf6 16. c4 Na6 17. Qb3 Rab8 18. Rad1 Rfd8 19. Qc3 Rd7 20. Rd3 Rbd8 21. Rfd1 c5 22. d5 Nb4 23. R3d2 exd5 24. cxd5 Qxc3 25. bxc3 Na6 26. d6 Nb8 27. Bg4 f5 28. Bf3 Kf7 29. g4 Re8 30. Rd5 Nc6 31. gxf5 Re5 32. fxg6+ Kxg6 33. Bg4 Rd8 34. Kg2 Kf6 35. f4 Rxd5 36. Rxd5 c4 37. Kf3 a6 38. a4 b5 39. axb5 axb5 40. d7 Nb8 41. Rxb5 Nxd7 42. Rd5 Rb8 43. Rxd7 Rb3 44. Ke4 Rxc3 45. Rc7 Rc1 46. Rc6+ Ke7 47. Kd4 Rf1 48. Re6+ Kf7 49. Re4 Rc1 50. Be6+ Kf6 51. Bxc4 Kf5 52. Bd3 Kf6 53. Re3 Rc8 54. f5 Rh8 55. Rg3 Rd8+ 56. Ke3 Ra8 57. Rg6+ Kf7 58. Kf4 Ra4+ 59. Be4 Rb4 60. h4 Ra4 61. h5 Rb4 62. h6 gxh6 63. Rxh6 Kg7 64. Rg6+ Kh7 65. Rg3 Kh8 66. Ke5 Rb6 67. Bd5 Kh7 68. f6 Rxf6 69. Kxf6 Kh6 70. Rh3# 1-0

[Event "Henderson Trusts op-A 43rd"]
[Site "Henderson"]
[Date "2021.06.05"]
[Round "2"]
[White "Lim, Benjamin U"]
[Black "Tanoi, Toleafoa E"]
[Result "0-1"]
[WhiteElo "1853"]
[BlackElo "1865"]
[PlyCount "110"]
[EventDate "2021.06.05"]
[EventType "swiss"]
[EventRounds "6"]
[EventCountry "NZL"]
[SourceTitle "EXT 2024"]
[Source "ChessBase"]
[SourceDate "2023.10.10"]
[SourceVersion "1"]
[SourceVersionDate "2023.10.10"]
[SourceQuality "1"]

1. e4 c5 2. Nf3 Nc6 3. d4 cxd4 4. Nxd4 e5 5. Nb3 Nf6 6. Be2 Nxe4 7. 0-0 Be7 8. Be3 d5 9. c3 0-0 10. N1d2 f5 11. f3 Bg5 12. Bxg5 Nxg5 13. Qc2 Qe7 14. Rae1 Be6 15. Bb5 Qd6 16. Qd3 Rad8 17. Qe3 Nf7 18. Bxc6 Qxc6 19. f4 e4 20. Nd4 Qd7 21. N2b3 b6 22. g4 Nd6 23. Nxe6 Qxe6 24. Nd4 Qg6 25. Qg3 fxg4 26. h3 h5 27. hxg4 hxg4 28. f5 Nxf5 29. Nxf5 Rxf5 30. Rxf5 Qxf5 31. Rf1 Qg5 32. Qf2 Qe7 33. Qf5 g3 34. Kg2 e3 35. Rh1 Qe4+ 36. Qxe4 dxe4 37. Re1 Rd2+ 38. Kxg3 e2 39. b3 Rxa2 40. Kf4 Rb2 41. Kxe4 Rxb3 42. c4 Rb2 43. Kd3 a5 44. Kc3 Ra2 45. Kb3 Rd2 46. Kc3 Rd6 47. Rxe2 g6 48. Re7 g5 49. c5 Rc6 50. Kd4 Rxc5 51. Rb7 Rb5 52. Kc4 Rb4+ 53. Kd5 g4 54. Ke5 g3 55. Kf6 Rf4+ 0-1

[Event "North Island-ch"]
[Site "Wellington"]
[Date "2021.04.03"]
[Round "4"]
[White "Dive, Russell John"]
[Black "Lim, Benjamin U"]
[Result "1-0"]
[WhiteElo "2260"]
[BlackElo "1843"]
[PlyCount "81"]
[EventDate "2021.04.02"]
[EventType "swiss"]
[EventRounds "8"]
[EventCountry "NZL"]
[SourceTitle "EXT 2024"]
[Source "ChessBase"]
[SourceDate "2023.10.10"]
[SourceVersion "1"]
[SourceVersionDate "2023.10.10"]
[SourceQuality "1"]

1. Nf3 Nf6 2. c4 g6 3. g3 Bg7 4. Bg2 0-0 5. 0-0 d6 6. Nc3 e5 7. d3 c6 8. Rb1 Re8 9. e4 h6 10. b4 d5 11. b5 dxc4 12. dxc4 Qc7 13. Ba3 Bf8 14. Bxf8 Kxf8 15. Qa4 Qe7 16. bxc6 bxc6 17. Nd2 Nfd7 18. f4 Kg7 19. Qc2 f6 20. Bh3 Nb6 21. Bxc8 Rxc8 22. fxe5 fxe5 23. Kg2 N8d7 24. Nd1 Rf8 25. Nf2 Nc5 26. Nb3 Rad8 27. Rbd1 Rxd1 28. Rxd1 Nbd7 29. Qe2 Rf7 30. Qe3 Nxb3 31. axb3 Nc5 32. Ng4 g5 33. b4 Nd7 34. Qxa7 Qe6 35. Ne3 Nf6 36. Qb8 Nxe4 37. Rd8 Rf2+ 38. Kg1 Qf7 39. Qxe5+ Qf6 40. Rd7+ Kg8 41. Qb8+ 1-0

[Event "North Island-ch"]
[Site "Wellington"]
[Date "2021.04.03"]
[Round "3"]
[White "Lim, Benjamin U"]
[Black "Athula Russell, MK."]
[Result "1-0"]
[WhiteElo "1843"]
[BlackElo "2216"]
[PlyCount "69"]
[EventDate "2021.04.02"]
[EventType "swiss"]
[EventRounds "8"]
[EventCountry "NZL"]
[SourceTitle "EXT 2024"]
[Source "ChessBase"]
[SourceDate "2023.10.10"]
[SourceVersion "1"]
[SourceVersionDate "2023.10.10"]
[SourceQuality "1"]

1. e4 c6 2. Nc3 d5 3. Nf3 Bg4 4. h3 Bxf3 5. Qxf3 Nf6 6. d3 d4 7. Nb1 e5 8. Be2 Nbd7 9. Nd2 Bb4 10. 0-0 Qc7 11. a4 Nc5 12. Nc4 b5 13. axb5 cxb5 14. Na3 Bxa3 15. Rxa3 b4 16. Ra1 0-0 17. Bg5 Nfd7 18. Qg3 Ne6 19. Rfc1 a5 20. Bd2 Rfb8 21. Bg4 Ndc5 22. b3 Qd6 23. h4 Nf4 24. Rcb1 Rc8 25. Bxf4 exf4 26. Qf3 Rcb8 27. g3 fxg3 28. fxg3 f6 29. Rf1 Ra6 30. h5 Rb5 31. e5 Qd8 32. Rae1 Rbb6 33. Qf5 Qb8 34. Kh2 Rc6 35. exf6 1-0

[Event "North Island-ch"]
[Site "Wellington"]
[Date "2021.04.02"]
[Round "2"]
[White "Aldridge, Alan L"]
[Black "Lim, Benjamin U"]
[Result "0-1"]
[WhiteElo "1780"]
[BlackElo "1843"]
[PlyCount "90"]
[EventDate "2021.04.02"]
[EventType "swiss"]
[EventRounds "8"]
[EventCountry "NZL"]
[SourceTitle "EXT 2024"]
[Source "ChessBase"]
[SourceDate "2023.10.10"]
[SourceVersion "1"]
[SourceVersionDate "2023.10.10"]
[SourceQuality "1"]

1. e4 c5 2. Nf3 d6 3. d4 cxd4 4. Nxd4 Nf6 5. Nc3 a6 6. a4 e5 7. Nf3 h6 8. h3 Be6 9. Bd3 Nbd7 10. Be3 d5 11. Nxd5 Nxd5 12. exd5 Bxd5 13. Be2 Be6 14. 0-0 Bb4 15. c3 Be7 16. Qc2 Qc7 17. Bd3 Nc5 18. Bxc5 Qxc5 19. Rfe1 Bf6 20. b4 Qc7 21. Rac1 0-0 22. Qe2 Rad8 23. Bb1 Rfe8 24. Qe4 g6 25. Qe3 Bd5 26. Be4 Bxe4 27. Qxe4 Bg7 28. g4 b5 29. axb5 axb5 30. c4 f5 31. gxf5 gxf5 32. Qxf5 bxc4 33. Re4 c3 34. Qg4 Qc8 35. b5 c2 36. Ree1 e4 37. Nh4 Qxg4+ 38. hxg4 Rd2 39. Nf5 Bb2 40. Kg2 Bxc1 41. Rxc1 e3 42. Ng3 Rxf2+ 43. Kg1 Rd2 44. Nf1 Rd1 45. Rxc2 e2 0-1

[Event "Auckland Waitangi op"]
[Site "Auckland"]
[Date "2021.02.07"]
[Round "3"]
[White "Lim, Benjamin U"]
[Black "Steadman, Michael VR"]
[Result "1/2-1/2"]
[WhiteElo "1882"]
[BlackElo "2176"]
[PlyCount "48"]
[EventDate "2021.02.06"]
[EventType "swiss"]
[EventRounds "6"]
[EventCountry "NZL"]
[SourceTitle "EXT 2024"]
[Source "ChessBase"]
[SourceDate "2023.10.10"]
[SourceVersion "1"]
[SourceVersionDate "2023.10.10"]
[SourceQuality "1"]

1. e4 c6 2. Nc3 d6 3. d4 Nd7 4. f4 Qc7 5. Nf3 g6 6. Bc4 Bg7 7. Ng5 e6 8. Bxe6 fxe6 9. Nxe6 Qa5 10. Nxg7+ Kf7 11. Ne6 Kxe6 12. f5+ Kf7 13. 0-0 Ndf6 14. Bg5 gxf5 15. exf5 Bd7 16. Ne4 Nxe4 17. Qh5+ Kf8 18. Bh6+ Nxh6 19. Qxh6+ Ke8 20. Qg7 Rf8 21. f6 Rf7 22. Qg8+ Rf8 23. Qg7 Rf7 24. Qg8+ Rf8 1/2-1/2

[Event "Auckland Stuart Memorial op"]
[Site "Auckland"]
[Date "2019.08.24"]
[Round "2"]
[White "Hair, Philip I"]
[Black "Lim, Benjamin U"]
[Result "0-1"]
[WhiteElo "1853"]
[BlackElo "1882"]
[PlyCount "136"]
[EventDate "2019.08.24"]
[EventType "swiss"]
[EventRounds "5"]
[EventCountry "NZL"]
[SourceTitle "EXT 2023"]
[Source "ChessBase"]
[SourceDate "2022.10.05"]
[SourceVersion "1"]
[SourceVersionDate "2022.10.05"]
[SourceQuality "1"]

1. e4 c5 2. Nc3 d6 3. g3 Nc6 4. Bg2 g6 5. d3 Bg7 6. Be3 e6 7. Qd2 Nd4 8. Nd1 Ne7 9. c3 Ndc6 10. Bh6 0-0 11. h4 f6 12. h5 g5 13. Bxg7 Kxg7 14. h6+ Kh8 15. Ne2 Rg8 16. Ne3 e5 17. f4 gxf4 18. gxf4 Qa5 19. Nc4 Qc7 20. Ne3 Bg4 21. Nxg4 Rxg4 22. Bf3 Rgg8 23. d4 cxd4 24. cxd4 Qa5 25. Qxa5 Nxa5 26. dxe5 dxe5 27. fxe5 fxe5 28. 0-0-0 Rac8+ 29. Nc3 Rcd8 30. Bg4 Rxd1+ 31. Bxd1 Rg6 32. Rh5 Nac6 33. Bb3 Ng8 34. Bxg8 Kxg8 35. Nd5 Kf7 36. b4 Ke6 37. b5 Nd4 38. a4 Ne2+ 39. Kb2 Ng3 40. Rh4 Nxe4 41. Nc7+ Kd7 42. Rxe4 Kxc7 43. Rxe5 Rxh6 44. a5 Kd6 45. Rg5 Re6 46. Rg7 Re7 47. Rg8 Kc5 48. Rg5+ Kd6 49. Rh5 Ke6 50. Rh6+ Kf5 51. a6 bxa6 52. bxa6 Kg5 53. Rc6 h5 54. Rc5+ Kg4 55. Rc4+ Kg3 56. Rc3+ Kf2 57. Rc4 Re6 58. Rc5 Rh6 59. Rc2+ Ke3 60. Rc3+ Kd4 61. Rh3 h4 62. Kb1 Ke4 63. Kb2 Kf4 64. Rc3 h3 65. Rc4+ Ke5 66. Rc5+ Kd4 67. Rc8 h2 68. Rd8+ Kc5 0-1

[Event "Auckland Stuart Memorial op"]
[Site "Auckland"]
[Date "2019.08.24"]
[Round "1"]
[White "Lim, Benjamin U"]
[Black "Capel, Evan Timothy"]
[Result "0-1"]
[WhiteElo "1882"]
[BlackElo "2172"]
[PlyCount "50"]
[EventDate "2019.08.24"]
[EventType "swiss"]
[EventRounds "5"]
[EventCountry "NZL"]
[SourceTitle "EXT 2023"]
[Source "ChessBase"]
[SourceDate "2022.10.05"]
[SourceVersion "1"]
[SourceVersionDate "2022.10.05"]
[SourceQuality "1"]

1. e4 d5 2. exd5 Qxd5 3. Nc3 Qa5 4. d4 Nf6 5. Bc4 Bg4 6. f3 Bh5 7. Nge2 Nc6 8. Bd2 0-0-0 9. Nd5 Qa4 10. Bb3 Qa6 11. Nxf6 gxf6 12. Nf4 Bg6 13. Nxg6 fxg6 14. Be6+ Kb8 15. d5 Nd4 16. Bf7 Bg7 17. Be3 Rhf8 18. Qxd4 Rxf7 19. c4 f5 20. Qd3 e6 21. Bg5 Rxd5 22. Qc2 Rd4 23. b3 f4 24. 0-0 Qa5 25. Rad1 Qxg5 0-1

[Event "Oceania & NZL-ch Seniors"]
[Site "Auckland"]
[Date "2019.07.14"]
[Round "5"]
[White "Winfield, Alan W"]
[Black "Lim, Benjamin U"]
[Result "0-1"]
[WhiteElo "1691"]
[BlackElo "1869"]
[PlyCount "74"]
[EventDate "2019.07.12"]
[EventType "swiss"]
[EventRounds "6"]
[EventCountry "NZL"]
[SourceTitle "EXT 2023"]
[Source "ChessBase"]
[SourceDate "2022.10.05"]
[SourceVersion "1"]
[SourceVersionDate "2022.10.05"]
[SourceQuality "1"]

1. d4 Nf6 2. Bf4 d6 3. Nc3 g6 4. e4 Bg7 5. Be2 0-0 6. Qd2 a6 7. Nf3 b5 8. a3 Bb7 9. e5 Ne4 10. Nxe4 Bxe4 11. 0-0-0 Nd7 12. Qe3 Bd5 13. Bh6 Rb8 14. h4 f6 15. h5 g5 16. Bxg7 Kxg7 17. exf6+ exf6 18. h6+ Kh8 19. Bd3 Re8 20. Qd2 Qe7 21. Bf5 Qf7 22. Ne1 Be4 23. Bxe4 Rxe4 24. Kb1 Rbe8 25. Qc3 Nb6 26. g3 Qc4 27. Qxc4 Nxc4 28. c3 Re2 29. Nd3 Kg8 30. Rhe1 Kf7 31. Rxe2 Rxe2 32. f4 Kg6 33. g4 Kxh6 34. f5 Kg7 35. Kc1 a5 36. Re1 Rxe1+ 37. Nxe1 Ne3 0-1

[Event "Henderson Trusts op 42nd"]
[Site "Henderson"]
[Date "2019.06.02"]
[Round "3"]
[White "Xie, Felix"]
[Black "Lim, Benjamin U"]
[Result "1-0"]
[WhiteElo "1655"]
[BlackElo "1896"]
[PlyCount "85"]
[EventDate "2019.06.01"]
[EventType "swiss"]
[EventRounds "6"]
[EventCountry "NZL"]
[SourceTitle "EXT 2020"]
[Source "ChessBase"]
[SourceDate "2019.10.17"]
[SourceVersion "1"]
[SourceVersionDate "2019.10.17"]
[SourceQuality "1"]

1. e4 c5 2. Nf3 d6 3. d4 cxd4 4. Qxd4 Nc6 5. Bb5 Bd7 6. Bxc6 Bxc6 7. Nc3 e5 8. Qd3 h6 9. Be3 Nf6 10. h3 Be7 11. 0-0-0 Qa5 12. Bd2 Qc7 13. Nh2 0-0-0 14. Nd5 Nxd5 15. exd5 Bd7 16. f4 f5 17. Qa3 e4 18. Qxa7 b6 19. Qa8+ Qb8 20. Qxb8+ Kxb8 21. Bc3 Rhg8 22. g4 g6 23. Rhg1 Bh4 24. Be1 Bxe1 25. Rdxe1 Rc8 26. Nf1 h5 27. gxh5 gxh5 28. Ne3 h4 29. Kd2 Kc7 30. a3 b5 31. Ref1 Kb6 32. c3 Kc5 33. Ke2 Rcf8 34. Kf2 Bc8 35. Rxg8 Rxg8 36. Rg1 Rxg1 37. Kxg1 Kb6 38. Kf2 Kc5 39. b3 Bb7 40. b4+ Kb6 41. Nxf5 Bc8 42. Nxh4 Bxh3 43. Ke3 1-0

[Event "NZL-ch op 126th"]
[Site "Auckland"]
[Date "2019.01.22"]
[Round "9"]
[White "Buciu, Aurel John"]
[Black "Lim, Benjamin U"]
[Result "1/2-1/2"]
[WhiteElo "1756"]
[BlackElo "1926"]
[PlyCount "81"]
[EventDate "2019.01.14"]
[EventType "swiss"]
[EventRounds "9"]
[EventCountry "NZL"]
[SourceTitle "CBM 188 Extra"]
[Source "ChessBase"]
[SourceDate "2019.02.26"]
[SourceVersion "1"]
[SourceVersionDate "2019.02.26"]
[SourceQuality "1"]

1. d4 Nf6 2. Bf4 g6 3. Nf3 d6 4. e3 Nh5 5. Bg5 h6 6. Bh4 g5 7. Bg3 Bf5 8. c3 c6 9. Be2 Nxg3 10. hxg3 Bg7 11. Qb3 Qc7 12. Nbd2 Nd7 13. e4 Bg6 14. a4 a5 15. Bd3 e5 16. Rc1 Qb6 17. dxe5 Qxb3 18. Nxb3 d5 19. e6 fxe6 20. Nfd2 Ne5 21. Bc2 Kf7 22. 0-0 Ke7 23. f4 Ng4 24. f5 exf5 25. exd5 cxd5 26. Bxf5 Bxf5 27. Rxf5 Ne5 28. Re1 Kd6 29. Nd4 Rae8 30. N2b3 b6 31. Nb5+ Kd7 32. Rd1 Kc6 33. N3d4+ Kd7 34. Nf3 Rhf8 35. Nxe5+ Rxe5 36. Rxd5+ Rxd5 37. Rxd5+ Kc6 38. Rd6+ Kc5 39. Rd7 Be5 40. Rd3 Rf6 41. b3 1/2-1/2